Los diez pecados capitales del marketing: indicios y soluciones
Đã lưu trong:
| Tác giả chính: | |
|---|---|
| Định dạng: | Sách |
| Ngôn ngữ: | Tiếng Tây Ban Nha |
| Được phát hành: |
Barcelona, España:
Gestión 2000,
2005.
|
| Những chủ đề: | |
| Các nhãn: |
Thêm thẻ
Không có thẻ, Là người đầu tiên thẻ bản ghi này!
|
MARC
| LEADER | 00000cam a2200000 a 4500 | ||
|---|---|---|---|
| 001 | UCK6391 | ||
| 003 | CL-VaPUC | ||
| 005 | 20250407202430.0 | ||
| 008 | 050930e20050000SP |||||||||||||||||spa|d | ||
| 999 | |c 314678 |d 314676 | ||
| 020 | |a 8496426297 | ||
| 040 | |c Pontificia Universidad Católica de Valparaíso | ||
| 082 | 0 | 4 | |a 658.8 KOT 2005 |2 21 |
| 100 | |a Kotler, Philip |e autor |9 578348 | ||
| 245 | 1 | 4 | |a Los diez pecados capitales del marketing: indicios y soluciones |
| 260 | |a Barcelona, España: |b Gestión 2000, |c 2005. | ||
| 300 | |a 155 páginas. | ||
| 500 | |a c.3.-c.5. Instituto Arcos 8-1-2025. | ||
| 583 | |a last modification |c 20170224 05:37:52 |k Rodrigo Vera | ||
| 650 | 0 | |a Marketing |9 259324 | |
| 650 | 0 | |a Planificación estratégica |9 259735 | |
| 650 | 0 | |a Toma de decisiones |9 257530 | |
| 650 | 0 | |a Marcas comerciales |9 386702 | |
| 942 | |c BK |2 ddc |n 0 | ||
| 945 | |d 20050930 00:00:00 |a cmena | ||
| 952 | |0 0 |1 0 |4 0 |6 658_800000000000000_KOT_2005 |7 0 |8 A |9 387295 |a BIBENE |b BIBENE |d 2019-11-22 |i 4169913 |o 658.8 KOT 2005 |p 4169913 |r 2025-01-15 |w 2019-11-22 |y BK |k ICO | ||
| 952 | |0 0 |1 0 |3 erd |4 0 |6 658_800000000000000_KOT_2005 |7 0 |8 A |9 387296 |a BIBENE |b BIBENE |i 5328330 |o 658.8 KOT 2005 |p 5328330 |r 2025-01-15 |w 2019-11-22 |y BK |z Catalogado en:20170303 |k ICO | ||
| 952 | |0 0 |1 0 |2 ddc |4 0 |6 658_800000000000000_KOT_2005 |7 0 |8 A |9 600660 |a BIBINC |b BIBINC |d 2025-03-06 |e Instituto Arcos |i 5665572 |o 658.8 KOT 2005 |p 5665572 |r 2025-03-06 |t 3 |w 2025-03-06 |y BK |k IFP | ||
| 952 | |0 0 |1 0 |2 ddc |4 0 |6 658_800000000000000_KOT_2005 |7 0 |8 A |9 600661 |a BIBINC |b BIBINC |d 2025-03-06 |e Instituto Arcos |i 5665573 |o 658.8 KOT 2005 |p 5665573 |r 2025-03-06 |t 4 |w 2025-03-06 |y BK |k IFP | ||
| 952 | |0 0 |1 0 |2 ddc |4 0 |6 658_800000000000000_KOT_2005 |7 0 |8 A |9 600662 |a BIBINC |b BIBINC |d 2025-03-06 |e Instituto Arcos |i 5665574 |o 658.8 KOT 2005 |p 5665574 |r 2025-03-06 |t 5 |w 2025-03-06 |y BK |k IFP | ||